[Event "CAN-ch Universities"]
[Site "Montreal CAN"]
[Date "2025.01.25"]
[Round "3.73"]
[White "Shah, Mustafa"]
[Black "Faizy, Mohammed"]
[Result "1-0"]
[WhiteElo "1745"]
[BlackElo "1914"]
[WhiteFideId "-1"]
[WhiteFideId "-1"]
[PlyCount "113"]
[GameId "2144521137852657"]
[EventDate "2025.01.24"]
[EventType "team"]
[EventRounds "5"]
[EventCountry "CAN"]
[WhiteTeam "U Ottawa B"]
[BlackTeam "Queens A"]

1. d4 Nf6 2. Nf3 e6 3. Bf4 c5 4. c3 b6 5. h3 Bb7 6. e3 Be7 7. Nbd2 d6 8. Bd3 Nbd7 9. Bc2 Qc7 10. a4 Ba6 11. Bh2 Rc8 12. Ne4 Qc6 13. Nxf6+ Nxf6 14. Bd3 c4 15. Be2 Bb7 16. Qc2 O-O 17. O-O a6 18. Rfe1 Rfe8 19. Bf1 Ne4 20. Nd2 Nxd2 21. Qxd2 f5 22. f3 e5 23. dxe5 dxe5 24. e4 f4 25. Red1 Red8 26. Qc2 Rf8 27. Rd5 Qe6 28. Rd2 Rf6 29. Kh1 Rg6 30. Bg1 Re8 31. Rad1 b5 32. a5 Qf6 33. b3 cxb3 34. Qxb3+ Kh8 35. c4 b4 36. c5 Bc8 37. Qxb4 Qg5 38. Bh2 Qh5 39. Qa4 Rf8 40. Qb3 Bxc5 41. Rd8 Be6 42. Qc3 Be7 43. Rxf8+ Bxf8 44. Rd8 Rf6 45. Bg1 Bg8 46. Bc4 Bxc4 47. Qxc4 Qf7 48. Qb4 Kg8 49. Bc5 Qc7 50. Rxf8+ Rxf8 51. Bxf8 Qc1+ 52. Kh2 Qc6 53. Bc5 h5 54. Qb8+ Kh7 55. Qxe5 h4 56. Qh5+ Kg8 57. Qd5+ 1-0

[Event "CAN-ch Universities"]
[Site "Montreal CAN"]
[Date "2025.01.25"]
[Round "3.74"]
[White "Capello, Jordan"]
[Black "Sharifi, Sam"]
[Result "1-0"]
[WhiteElo "1921"]
[BlackElo "1739"]
[WhiteFideId "-1"]
[WhiteFideId "-1"]
[PlyCount "69"]
[GameId "2144521137852658"]
[EventDate "2025.01.24"]
[EventType "team"]
[EventRounds "5"]
[EventCountry "CAN"]
[WhiteTeam "Queens A"]
[BlackTeam "U Ottawa B"]

1. e4 c5 2. Nf3 Nc6 3. c3 d5 4. exd5 Qxd5 5. Be2 Nf6 6. O-O e5 7. Re1 Be7 8. d3 O-O 9. Bg5 Bf5 10. Na3 Rad8 11. Nc4 Qe6 12. Bf1 h6 13. Bh4 g5 14. Bg3 e4 15. Qb3 Qc8 16. dxe4 Nxe4 17. Nfe5 Be6 18. Nxc6 Qxc6 19. Ne5 Qc8 20. Qc2 Nxg3 21. hxg3 Kg7 22. Bc4 Bf5 23. Qb3 f6 24. Nc6 Bd6 25. Nxd8 Rxd8 26. Be6 Bxe6 27. Qxe6 Qc6 28. Rad1 Rd7 29. Qf5 Qc7 30. Rd5 Re7 31. Red1 Re5 32. Rxe5 fxe5 33. Qe6 Be7 34. Rd7 Qxd7 35. Qxd7 1-0

[Event "CAN-ch Universities"]
[Site "Montreal CAN"]
[Date "2025.01.25"]
[Round "3.81"]
[White "Madanchi, Ata"]
[Black "Li, Yi Lin"]
[Result "1-0"]
[WhiteElo "2021"]
[BlackElo "2044"]
[WhiteFideId "-1"]
[WhiteFideId "-1"]
[PlyCount "131"]
[GameId "2144521137852659"]
[EventDate "2025.01.24"]
[EventType "team"]
[EventRounds "5"]
[EventCountry "CAN"]
[WhiteTeam "McGill B"]
[BlackTeam "Waterloo B"]

1. e4 c5 2. Nc3 d6 3. g3 Nc6 4. Bg2 g6 5. Nge2 Bg7 6. d3 Rb8 7. a3 e6 8. Be3 Nge7 9. Qd2 b5 10. Bh6 Bf6 11. O-O Ng8 12. Be3 Nd4 13. Nd1 Ne7 14. Nc1 e5 15. c3 Ndc6 16. f4 a6 17. f5 Ng8 18. g4 g5 19. b4 cxb4 20. axb4 a5 21. bxa5 Nxa5 22. c4 b4 23. Rb1 Nc6 24. Ne2 h5 25. gxh5 Rxh5 26. Ng3 Rh4 27. Bf2 Qd7 28. Ne3 Bd8 29. Nd5 f6 30. Ne2 Rh8 31. Bg3 Kf7 32. d4 Nge7 33. Rfd1 Nxd5 34. exd5 Ne7 35. dxe5 dxe5 36. Rf1 Qd6 37. Be4 Bb6+ 38. Kh1 Bc5 39. Nd4 Qa6 40. Nb5 Bb7 41. Bf2 Qb6 42. Bxc5 Qxc5 43. Qf2 Qxf2 44. Rxf2 Rh4 45. Rxb4 Nc8 46. Bg2 Kf8 47. Ra2 Ke8 48. Nc7+ Kd7 49. Na6 Bxa6 50. Rxb8 Bxc4 51. Raa8 Rd4 52. h3 Ne7 53. Ra7+ Kd6 54. Rd8+ Kc5 55. Rxe7 Rd1+ 56. Kh2 Rd2 57. Rc7+ Kd4 58. Rxc4+ Kxc4 59. Kg3 Rd4 60. Rd6 e4 61. Rxf6 Kxd5 62. Re6 Rb4 63. Rxe4 Rxe4 64. Bxe4+ Ke5 65. Kg4 Kf6 66. Bc2 1-0

[Event "CAN-ch Universities"]
[Site "Montreal CAN"]
[Date "2025.01.25"]
[Round "3.82"]
[White "Ramesh, Sanjay"]
[Black "Gignoux-Pezzetti, Nathan"]
[Result "1-0"]
[WhiteElo "2017"]
[BlackElo "1888"]
[WhiteFideId "-1"]
[WhiteFideId "-1"]
[PlyCount "57"]
[GameId "2144521137852660"]
[EventDate "2025.01.24"]
[EventType "team"]
[EventRounds "5"]
[EventCountry "CAN"]
[WhiteTeam "Waterloo B"]
[BlackTeam "McGill B"]

1. d4 d5 2. c4 e6 3. Nc3 Nf6 4. cxd5 exd5 5. Bg5 Nbd7 6. e3 c6 7. Bd3 Bd6 8. Qc2 h6 9. Bh4 O-O 10. Nf3 Re8 11. O-O Nf8 12. Rab1 Bg4 13. Nd2 Bh5 14. Bg3 Bg6 15. b4 Rc8 16. Rfc1 Qe7 17. Bxd6 Qxd6 18. Na4 Ng4 19. Nf1 Qf6 20. Bxg6 Nxg6 21. h3 Re4 22. Nc5 Re7 23. hxg4 Nh4 24. Nh2 Qd6 25. Nf3 Ng6 26. Nd3 f6 27. b5 Qe6 28. Nh2 Rf7 29. Nc5 1-0

[Event "CAN-ch Universities"]
[Site "Montreal CAN"]
[Date "2025.01.25"]
[Round "3.83"]
[White "Ratnesan, Rajeiv"]
[Black "Qiu, Andrew Yu"]
[Result "1/2-1/2"]
[WhiteElo "1860"]
[BlackElo "1964"]
[WhiteFideId "-1"]
[WhiteFideId "-1"]
[PlyCount "142"]
[GameId "2144521137852661"]
[EventDate "2025.01.24"]
[EventType "team"]
[EventRounds "5"]
[EventCountry "CAN"]
[WhiteTeam "McGill B"]
[BlackTeam "Waterloo B"]

1. Nf3 Nf6 2. c4 d5 3. g3 e6 4. b3 c5 5. Bg2 Nc6 6. O-O Bd6 7. e3 O-O 8. Bb2 b6 9. Nc3 Bb7 10. Qe2 Re8 11. d4 Rc8 12. Rac1 cxd4 13. exd4 dxc4 14. bxc4 Ba6 15. Nb5 Na5 16. a4 Qe7 17. Rfd1 Bb7 18. Ne5 Bxg2 19. Kxg2 Bb8 20. Ba3 Qb7+ 21. Kg1 a6 22. Nd6 Bxd6 23. Bxd6 Red8 24. Ba3 Nb3 25. Rb1 Nxd4 26. Qe3 Nc2 27. Qc3 Nxa3 28. Qxa3 Qc7 29. Qe3 Rxd1+ 30. Rxd1 Rd8 31. Rb1 Rb8 32. c5 Nd5 33. Qd4 bxc5 34. Rxb8+ Qxb8 35. Qxc5 g6 36. Nc4 Qb1+ 37. Kg2 Qe4+ 38. Kg1 Kg7 39. a5 Qb1+ 40. Kg2 Qb7 41. Kg1 Kg8 42. Nb6 Qc7 43. Qd4 Qc1+ 44. Kg2 Qc6 45. Kg1 Qb5 46. Qd2 h5 47. Nxd5 exd5 48. Qc3 Kf8 49. Qc8+ Ke7 50. Qc7+ Qd7 51. Qe5+ Qe6 52. Qc7+ Kf8 53. Qb8+ Kg7 54. Qb2+ Kh7 55. Qd2 Qe4 56. Qa2 Kg8 57. Kf1 Qe6 58. Qd2 Qc6 59. Qb4 Qe6 60. Qd2 Kf8 61. Qb4+ Ke8 62. Qb8+ Ke7 63. Qb7+ Kf6 64. Qb2+ Kf5 65. Qc2+ Kg4 66. Qa4+ Qe4 67. Qd7+ f5 68. Qd6 Qc4+ 69. Kg2 Kg5 70. Qe7+ Kh6 71. Qf8+ Kh7 1/2-1/2

[Event "CAN-ch Universities"]
[Site "Montreal CAN"]
[Date "2025.01.25"]
[Round "3.84"]
[White "Yang, Brooke"]
[Black "Liao, Minyan"]
[Result "0-1"]
[WhiteElo "1510"]
[BlackElo "1847"]
[WhiteFideId "-1"]
[WhiteFideId "-1"]
[PlyCount "136"]
[GameId "2144521137852662"]
[EventDate "2025.01.24"]
[EventType "team"]
[EventRounds "5"]
[EventCountry "CAN"]
[WhiteTeam "Waterloo B"]
[BlackTeam "McGill B"]

1. e4 c5 2. Nf3 e6 3. c3 d5 4. exd5 Qxd5 5. d4 Nf6 6. Be3 cxd4 7. Nxd4 Bd7 8. Nd2 Be7 9. Qf3 O-O 10. Bc4 Qxf3 11. N2xf3 Nc6 12. O-O Ng4 13. Bd2 Bf6 14. Be2 Rfd8 15. Rfd1 Rac8 16. Nb5 Be8 17. Bg5 h6 18. Bh4 Bxh4 19. Nxh4 Nf6 20. Nd6 Rb8 21. Nxe8 Nxe8 22. g3 Nf6 23. f3 Ne5 24. Ng2 Nd5 25. Kf2 a6 26. Rd2 Nb6 27. Rad1 Rxd2 28. Rxd2 Nbc4 29. Rd4 Nxb2 30. Ne1 b5 31. Rb4 Na4 32. Re4 Nc4 33. Bxc4 bxc4 34. Nd3 Rc8 35. Ne5 Nxc3 36. Rxc4 Rxc4 37. Nxc4 Nxa2 38. Ke3 Kf8 39. Kd4 Nc1 40. Kc5 Nb3+ 41. Kb4 Nd4 42. Nd2 Ke7 43. Kc5 e5 44. Kd5 f6 45. f4 Nc2 46. fxe5 fxe5 47. Kxe5 a5 48. Ne4 a4 49. Nc3 a3 50. Na2 Kd7 51. Ke4 Ke6 52. h4 Na1 53. g4 Nb3 54. Kd3 Ke5 55. g5 h5 56. Kc3 Nd4 57. Nc1 Nf3 58. Ne2 Nxh4 59. Kb3 Kf5 60. Nd4+ Kxg5 61. Ne6+ Kf6 62. Nf4 g6 63. Kxa3 Kf5 64. Nd5 Nf3 65. Kb2 h4 66. Kc3 h3 67. Ne3+ Kf4 68. Nf1 h2 0-1

[Event "CAN-ch Universities"]
[Site "Montreal CAN"]
[Date "2025.01.26"]
[Round "4.12"]
[White "Noritsyn, Sergey"]
[Black "Genzling, Jerome"]
[Result "1-0"]
[Annotator "hugh_"]
[WhiteElo "2456"]
[BlackElo "2219"]
[WhiteFideId "-1"]
[WhiteFideId "-1"]
[PlyCount "87"]
[GameId "2142316980859136"]
[EventDate "2025.01.24"]
[EventType "team"]
[EventRounds "5"]
[EventCountry "CAN"]
[WhiteTeam "U Toronto A"]
[BlackTeam "McGill A"]

{[%evp 0,87,19,21,25,69,29,64,22,30,8,8,37,21,34,34,54,65,67,52,-7,71,78,82,77,10,68,82,72,120,38,109,44,114,147,29,178,148,21,205,148,209,209,168,218,239,107,249,135,281,299,126,235,278,297,287,277,295,165,223,259,225,98,253,100,241,264,279,232,251,310,309,379,152,230,287,361,220,690,690,932,874,802,848,840,841,748,751,746,825]} 1. e4 c5 2. Nf3 Nc6 3. Bb5 g6 4. O-O Bg7 5. Re1 Nf6 6. c3 O-O 7. h3 d5 8. e5 Ne8 9. d4 Qb6 10. Ba4 cxd4 11. cxd4 Bf5 12. Nc3 Rd8 13. Bb3 Be6 14. a3 Na5 15. Ba2 Nc7 16. Na4 Qc6 17. Bg5 b5 18. Nc5 f6 19. exf6 exf6 20. Bf4 Bf7 21. Rc1 Rc8 22. Ne6 Qxe6 23. Rxe6 Nxe6 24. Bd6 Rxc1 25. Qxc1 Rd8 26. Be7 Re8 27. Bb4 Nc4 28. b3 Nb6 29. Qf1 a6 30. Bc5 Nd7 31. b4 Nf4 32. Bb3 f5 33. a4 Nxc5 34. dxc5 Ne2+ 35. Kh2 Nc3 36. axb5 axb5 37. Qd3 Re4 38. c6 Rxb4 39. c7 Be6 40. Qxc3 Bxc3 41. Bxd5 Bxd5 42. c8=Q+ Kf7 43. Qxc3 Rc4 44. Ne5+ 1-0

[Event "CAN-ch Universities"]
[Site "Montreal CAN"]
[Date "2025.01.26"]
[Round "4.13"]
[White "Wu, Tony"]
[Black "Rusonik, Max"]
[Result "0-1"]
[Annotator "hugh_"]
[WhiteElo "2130"]
[BlackElo "2414"]
[WhiteFideId "-1"]
[WhiteFideId "-1"]
[PlyCount "66"]
[GameId "2142319680958742"]
[EventDate "2025.01.24"]
[EventType "team"]
[EventRounds "5"]
[EventCountry "CAN"]
[WhiteTeam "McGill A"]
[BlackTeam "U Toronto A"]

{[%evp 0,66,7,20,9,0,-30,8,15,16,12,7,42,3,-64,0,13,24,46,-18,8,15,16,7,3,-3,1,2,14,25,-12,3,-3,0,-90,-27,24,4,58,113,65,115,98,158,81,101,95,175,139,23,-1,96,87,97,-129,109,180,116,196,18,-2,-1,-1,-49,-154,-29989,-29990,-29991,-29992]} 1. c4 e6 2. g3 d5 3. Bg2 Nf6 4. Nf3 dxc4 5. O-O c5 6. Qc2 Nc6 7. Qxc4 e5 8. Ng5 Qe7 9. Nc3 h6 10. Nge4 Nxe4 11. Bxe4 Be6 12. Bxc6+ bxc6 13. Qe4 Qd6 14. d3 Be7 15. b3 O-O 16. Ba3 f5 17. Qa4 Rac8 18. Rac1 Kh8 19. Nd1 f4 20. Bxc5 Qd7 21. f3 Bd5 22. Nf2 Bxc5 23. Rxc5 Qe7 24. Ra5 Qg5 25. g4 h5 26. Rxa7 hxg4 27. Nxg4 e4 28. dxe4 Be6 29. Ra5 c5 30. h3 Qh4 31. Rf2 Rfd8 32. Rg2 Rd1+ 33. Kh2 Bxg4 0-1

[Event "CAN-ch Universities"]
[Site "Montreal CAN"]
[Date "2025.01.26"]
[Round "4.14"]
[White "Mao, Fengxi"]
[Black "Stoica, Savas Marin"]
[Result "1-0"]
[Annotator "hugh_"]
[WhiteElo "2359"]
[BlackElo "1992"]
[WhiteFideId "-1"]
[WhiteFideId "-1"]
[PlyCount "95"]
[GameId "2142326584967604"]
[EventDate "2025.01.24"]
[EventType "team"]
[EventRounds "5"]
[EventCountry "CAN"]
[WhiteTeam "U Toronto A"]
[BlackTeam "McGill A"]

{[%evp 0,95,25,28,15,-7,20,2,4,-6,-6,-1,9,11,18,23,18,34,32,32,51,118,92,173,99,96,117,33,116,95,111,115,174,168,200,166,205,188,196,184,225,227,215,185,51,114,41,103,-13,38,64,46,64,69,47,102,88,81,51,55,145,81,156,60,63,14,137,44,33,-18,20,53,32,84,41,104,304,498,365,457,361,1,1,-448,107,-347,290,313,244,308,306,314,269,322,323,336,384,391]} 1. Nf3 Nf6 2. b3 g6 3. Bb2 Bg7 4. g3 O-O 5. Bg2 a5 6. O-O d6 7. d4 a4 8. c4 Nbd7 9. Qc2 c5 10. d5 e6 11. dxe6 fxe6 12. Nc3 Nb6 13. Rad1 Qe7 14. Nb5 Rd8 15. e4 Ne8 16. e5 d5 17. Bc1 Qf8 18. Bg5 Rd7 19. Qe2 d4 20. h4 Rf7 21. Bd8 Nd7 22. Ng5 Nxe5 23. Nxf7 Nxf7 24. Bc7 axb3 25. axb3 Bd7 26. Bf4 e5 27. Bd2 Bc6 28. f4 Qe7 29. fxe5 Qxe5 30. Qf2 Qe7 31. Rde1 Qd7 32. Kh2 Bxg2 33. Kxg2 Nf6 34. Ra1 Rf8 35. Bf4 Ne5 36. Qe2 Nfg4 37. Qe4 Kh8 38. Bxe5 Re8 39. Bxg7+ Kxg7 40. Qd3 Ne3+ 41. Kg1 Nxf1 42. Rxf1 Qe7 43. Kg2 Qe2+ 44. Qxe2 Rxe2+ 45. Rf2 Re3 46. Rf3 Re2+ 47. Kf1 Rb2 48. Nd6 1-0

[Event "CAN-ch Universities"]
[Site "Montreal CAN"]
[Date "2025.01.26"]
[Round "4.21"]
[White "Kang, Dorian"]
[Black "Demchenko, Svitlana"]
[Result "1/2-1/2"]
[WhiteElo "2035"]
[BlackElo "2255"]
[WhiteFideId "-1"]
[WhiteFideId "-1"]
[PlyCount "100"]
[GameId "2142324135547287"]
[EventDate "2025.01.24"]
[EventType "team"]
[EventRounds "5"]
[EventCountry "CAN"]
[WhiteTeam "Waterloo A"]
[BlackTeam "U Ottawa A"]

1. c4 e5 2. Nc3 Nf6 3. g3 d5 4. cxd5 Nxd5 5. Bg2 Nb6 6. Nf3 Nc6 7. O-O Be7 8. a3 O-O 9. b4 Be6 10. d3 f6 11. Be3 Nd5 12. Nxd5 Bxd5 13. Qc2 Qd7 14. Rfb1 Nd8 15. Nd2 Bxg2 16. Kxg2 f5 17. Qc4+ Rf7 18. Nf3 Bf6 19. d4 e4 20. Ne5 Bxe5 21. dxe5 Qe7 22. Qd5 Nc6 23. e6 Rf6 24. b5 Nd8 25. Bg5 Qxe6 26. Rd1 Rf8 27. Be7 Re8 28. Bxd8 Qxd5 29. Rxd5 Raxd8 30. Rxf5 Rd2 31. e3 g6 32. Rc5 Rf8 33. Rxc7 Rfxf2+ 34. Kh3 h5 35. Kh4 Rd5 36. h3 Rxb5 37. a4 Rb3 38. Rd1 Rf7 39. Rdd7 Rxd7 40. Rxd7 Rxe3 41. Rxb7 a5 42. g4 hxg4 43. hxg4 Ra3 44. Kg5 Rxa4 45. Kxg6 Kf8 46. Kf6 Rb4 47. Ra7 Rb6+ 48. Ke5 e3 49. Rxa5 e2 50. Ra1 Rb5+ 1/2-1/2

[Event "CAN-ch Universities"]
[Site "Montreal CAN"]
[Date "2025.01.26"]
[Round "4.23"]
[White "Surya, Benito"]
[Black "Pitre, Lucas"]
[Result "1/2-1/2"]
[Annotator "hugh_"]
[WhiteElo "2198"]
[BlackElo "1951"]
[WhiteFideId "-1"]
[WhiteFideId "-1"]
[PlyCount "136"]
[GameId "2142338638496226"]
[EventDate "2025.01.24"]
[EventType "team"]
[EventRounds "5"]
[EventCountry "CAN"]
[WhiteTeam "Waterloo A"]
[BlackTeam "U Ottawa A"]

{[%evp 0,136,11,27,32,33,-6,39,27,21,25,29,23,30,29,38,37,31,37,40,22,1,-38,5,9,12,24,1,-23,8,26,-34,-72,-39,-39,-12,-73,-2,69,1,62,0,-3,14,-2,1,-1,1,-1,-27,-28,15,-21,-1,21,-18,62,1,174,167,233,206,257,249,359,229,199,305,229,255,290,325,324,290,320,296,286,241,440,169,246,190,350,247,378,425,244,403,506,396,411,249,177,198,203,212,197,186,179,183,215,192,217,199,203,197,237,177,234,148,234,186,160,169,111,100,54,59,124,77,18,64,112,65,152,64,72,42,112,113,136,161,144,118,128,49,64,35,144]} 1. d4 d6 2. e4 Nf6 3. Nc3 e5 4. Nf3 Nbd7 5. Bc4 Be7 6. h3 O-O 7. O-O h6 8. a4 Re8 9. Re1 c6 10. dxe5 dxe5 11. Qe2 Bf8 12. Be3 b6 13. Rad1 Qc7 14. Nh2 a6 15. Ng4 b5 16. Nxf6+ Nxf6 17. Bb3 b4 18. Na2 Nxe4 19. Qc4 Nd6 20. Qxb4 Rb8 21. Qc3 Ne4 22. Qc4 Nd6 23. Qc3 Ne4 24. Qd3 Nc5 25. Bxc5 Bxc5 26. Nc1 Rb4 27. Qc3 Bf8 28. Nd3 Rxb3 29. cxb3 f6 30. Rc1 Bf5 31. Nb4 a5 32. Na6 Qb6 33. Qxc6 Qxc6 34. Rxc6 Ra8 35. Nc5 Bg6 36. Rd1 Bf7 37. Ne6 Bb4 38. Rdc1 Re8 39. Nc7 Rd8 40. Na6 Rd4 41. Nxb4 Rxb4 42. R6c5 Bxb3 43. Rxa5 Bxa4 44. Rc8+ Kh7 45. Rd8 Bc6 46. Rd2 Rb7 47. Rc5 Be8 48. Rc3 Kg6 49. f3 Kf7 50. Kf2 g6 51. Ke3 Ke6 52. Kd3 Rb4 53. Kc2 g5 54. b3 Rb6 55. Rc5 h5 56. Kc3 Kf5 57. b4 Kf4 58. Ra5 Bb5 59. Ra1 Rc6+ 60. Kb2 Kg3 61. Re1 Rb6 62. Kb3 Rc6 63. Kb2 Rb6 64. Rc1 Kf4 65. Kb3 Ke3 66. Rb2 Kf4 67. Re1 Kg3 68. Rc2 Kf4 1/2-1/2

[Event "CAN-ch Universities"]
[Site "Montreal CAN"]
[Date "2025.01.26"]
[Round "4.24"]
[White "Mullur, Neerav"]
[Black "Momin, Fayzan"]
[Result "0-1"]
[WhiteElo "1902"]
[BlackElo "2192"]
[WhiteFideId "-1"]
[WhiteFideId "-1"]
[PlyCount "64"]
[GameId "2142350915420739"]
[EventDate "2025.01.24"]
[EventType "team"]
[EventRounds "5"]
[EventCountry "CAN"]
[WhiteTeam "U Ottawa A"]
[BlackTeam "Waterloo A"]

1. e4 c6 2. d4 d5 3. exd5 cxd5 4. c4 Nf6 5. Nc3 e6 6. Nf3 Bb4 7. Bg5 Qa5 8. Bd2 O-O 9. a3 Bxc3 10. Bxc3 Qd8 11. c5 Ne4 12. Bd3 Nxc3 13. bxc3 b6 14. cxb6 axb6 15. Ne5 Ba6 16. O-O Qd6 17. a4 Nc6 18. Re1 Bxd3 19. Qxd3 Nxe5 20. Rxe5 Qc6 21. Qc2 Rfc8 22. Rh5 g6 23. Rh3 Qc4 24. Qa2 Qxa2 25. Rxa2 Rc4 26. Kf1 Rcxa4 27. Rxa4 Rxa4 28. Ke2 Ra2+ 29. Ke3 Rc2 30. Rh4 Rxc3+ 31. Kd2 Rc4 32. Kd3 b5 0-1

[Event "CAN-ch Universities"]
[Site "Montreal CAN"]
[Date "2025.01.26"]
[Round "4.31"]
[White "Martinez Mulet, Dario Leonel"]
[Black "Hua, Eugene"]
[Result "1/2-1/2"]
[WhiteElo "2258"]
[BlackElo "2357"]
[WhiteFideId "-1"]
[WhiteFideId "-1"]
[PlyCount "108"]
[GameId "2142353471910511"]
[EventDate "2025.01.24"]
[EventType "team"]
[EventRounds "5"]
[EventCountry "CAN"]
[WhiteTeam "Concordia A"]
[BlackTeam "McMaster A"]

1. Nf3 c5 2. c4 Nc6 3. g3 e5 4. d3 g6 5. Bg2 Bg7 6. a3 Nge7 7. Nbd2 d6 8. Rb1 a5 9. b3 h6 10. Bb2 Be6 11. Qc2 Qd7 12. h4 Rb8 13. Bc3 O-O 14. O-O b5 15. cxb5 Rxb5 16. Nc4 Nd4 17. Nxd4 cxd4 18. Bd2 Rc8 19. Qd1 Nd5 20. a4 Rbc5 21. Qe1 Rb8 22. Bxa5 Nc3 23. Bxc3 dxc3 24. e4 c2 25. Rb2 Bxc4 26. dxc4 Rxc4 27. Qc1 Rc3 28. Rxc2 Rcxb3 29. Ra2 Qa7 30. Kh2 Qa5 31. Rd1 R3b4 32. Rxd6 Rxa4 33. Rxa4 Qxa4 34. Qc7 Rf8 35. Bf3 h5 36. Kg2 Qb4 37. Rd7 Qa4 38. Qd6 Qc4 39. Rc7 Qd4 40. Qc6 Kh7 41. Qb7 Kg8 42. Be2 Kh7 43. Bc4 g5 44. Rxf7 Rxf7 45. Bxf7 Qd8 46. hxg5 Qxg5 47. Qc8 h4 48. Bg8+ Kh6 49. Qe6+ Bf6 50. Qf7 Qg7 51. Qxg7+ Kxg7 52. Be6 hxg3 53. fxg3 Kh6 54. Bf5 Kg5 1/2-1/2

[Event "CAN-ch Universities"]
[Site "Montreal CAN"]
[Date "2025.01.26"]
[Round "4.32"]
[White "Gao, Raymond"]
[Black "Saha, Ananda"]
[Result "0-1"]
[WhiteElo "2216"]
[BlackElo "2212"]
[WhiteFideId "-1"]
[WhiteFideId "-1"]
[PlyCount "136"]
[GameId "2142396381149330"]
[EventDate "2025.01.24"]
[EventType "team"]
[EventRounds "5"]
[EventCountry "CAN"]
[WhiteTeam "McMaster A"]
[BlackTeam "Concordia A"]

1. c4 e6 2. Nf3 d5 3. e3 Nf6 4. b3 c5 5. Bb2 Nc6 6. cxd5 exd5 7. Bb5 Bd7 8. O-O a6 9. Be2 Bd6 10. d4 cxd4 11. Nxd4 Qc7 12. Nf3 Be6 13. Nc3 Rd8 14. Qd3 O-O 15. a3 Bg4 16. h3 Bxf3 17. Bxf3 Ne5 18. Qe2 Qb6 19. b4 d4 20. exd4 Nxf3+ 21. Qxf3 Qxd4 22. Qxb7 Qf4 23. g3 Qf5 24. Kg2 Bxg3 25. Qf3 Qc2 26. Qxg3 Rd3 27. Qf4 Qxb2 28. Na4 Qc2 29. Nc5 Nd5 30. Qc1 Qxc1 31. Rfxc1 Nf4+ 32. Kh2 Rxh3+ 33. Kg1 Ne2+ 34. Kg2 Nf4+ 35. Kg1 f5 36. Nd7 Re8 37. Rc4 Re6 38. Ne5 Rxe5 39. Rxf4 Rc3 40. a4 Rd5 41. Rh4 h6 42. Rb1 Rcd3 43. Kg2 Rd1 44. Rb3 R5d3 45. Rb2 Rd6 46. Rc4 Kf7 47. Rc7+ Kf6 48. b5 axb5 49. axb5 Rb6 50. Rbc2 Rdd6 51. R2c5 g6 52. Kg3 Kg5 53. Re5 Rd3+ 54. Kg2 Rb3 55. Rcc5 h5 56. Red5 h4 57. Re5 h3+ 58. Kh2 Rd6 59. Re3 Rxe3 60. fxe3 Rd3 61. Re5 Kg4 62. Rc5 Rxe3 63. Rc4+ f4 64. Rb4 Re2+ 65. Kg1 Kg3 66. Rb1 f3 67. b6 f2+ 68. Kf1 Re1+ 0-1

[Event "CAN-ch Universities"]
[Site "Montreal CAN"]
[Date "2025.01.26"]
[Round "4.33"]
[White "Ruiz-Proano, Esteban"]
[Black "Zaka, Mohid"]
[Result "1-0"]
[WhiteElo "1912"]
[BlackElo "1948"]
[WhiteFideId "-1"]
[WhiteFideId "-1"]
[PlyCount "79"]
[GameId "2142400254012317"]
[EventDate "2025.01.24"]
[EventType "team"]
[EventRounds "5"]
[EventCountry "CAN"]
[WhiteTeam "Concordia A"]
[BlackTeam "McMaster A"]

1. Nf3 d5 2. d4 Nf6 3. g3 b6 4. Bf4 Bb7 5. Ne5 e6 6. e3 Ne4 7. Nd2 Nxd2 8. Kxd2 Bb4+ 9. c3 Bd6 10. Qh5 g6 11. Qh6 Bf8 12. Qh3 Bg7 13. Bb5+ c6 14. Bd3 Qe7 15. Bh6 Bf6 16. f4 Qc7 17. Ng4 Qe7 18. Nxf6+ Qxf6 19. Bg5 Qg7 20. Qh4 Nd7 21. Bh6 Qg8 22. a4 f6 23. a5 b5 24. a6 Bc8 25. b3 Rb8 26. c4 bxc4 27. bxc4 Kf7 28. Rhb1 Rxb1 29. Rxb1 Qd8 30. cxd5 Qa5+ 31. Ke2 cxd5 32. f5 exf5 33. Qf4 Re8 34. Rc1 Qb6 35. Kf3 Ne5+ 36. dxe5 fxe5 37. Qa4 e4+ 38. Kg2 exd3 39. Rxc8 Rxc8 40. Qd7+ 1-0

[Event "CAN-ch Universities"]
[Site "Montreal CAN"]
[Date "2025.01.26"]
[Round "4.41"]
[White "Yu, Zong Yang"]
[Black "Porlier, Xavier"]
[Result "1/2-1/2"]
[WhiteElo "2447"]
[BlackElo "1948"]
[WhiteFideId "-1"]
[WhiteFideId "-1"]
[PlyCount "163"]
[GameId "2142413311418278"]
[EventDate "2025.01.24"]
[EventType "team"]
[EventRounds "5"]
[EventCountry "CAN"]
[WhiteTeam "U de Montreal A"]
[BlackTeam "U de Montreal B"]

1. d4 d5 2. c4 e6 3. Nf3 Nf6 4. g3 Be7 5. Bg2 O-O 6. O-O dxc4 7. Qc2 a6 8. a4 Bd7 9. Qxc4 Bc6 10. Bg5 Bd5 11. Qc2 Be4 12. Qd1 h6 13. Bxf6 Bxf6 14. Nc3 Bxf3 15. Bxf3 c6 16. e3 a5 17. h4 Na6 18. Qe2 Nb4 19. Rfd1 Qb6 20. Rd2 Rfd8 21. Rad1 Rac8 22. h5 Qa6 23. Qe1 Qa7 24. Be4 Rc7 25. Qe2 Qa6 26. Qf3 Rcd7 27. Bb1 Nd5 28. e4 Nxc3 29. bxc3 Bg5 30. Rb2 Qc4 31. Bc2 c5 32. Bb3 Qa6 33. d5 c4 34. Bc2 exd5 35. exd5 Qf6 36. Bf5 Re7 37. d6 Rxd6 38. Rxd6 Qxd6 39. Rxb7 Rxb7 40. Qxb7 Bd8 41. Qe4 Kf8 42. Qxc4 Bb6 43. Kg2 Qc5 44. Qf4 Qc7 45. Qf3 Qc5 46. Be4 Qd6 47. Bd5 Qc7 48. Qf5 Qe7 49. c4 Qc7 50. c5 Ba7 51. c6 Bb6 52. Qf3 Qe7 53. Qf5 Qc7 54. Qf3 Qe7 55. Qf5 Qc7 56. Kf3 Qe7 57. Kg2 Qc7 58. Kh3 Qe7 59. f4 Qc7 60. Kg4 Qe7 61. Qc8+ Qd8 62. Qxd8+ Bxd8 63. Kf5 Ke8 64. Be4 Kf8 65. Ke5 Bc7+ 66. Kd5 Ke7 67. Kc5 f6 68. Bd5 Kd8 69. Be6 Ke7 70. Kd5 Bb6 71. Bc8 Bc7 72. Kc5 Kd8 73. Bh3 Ke7 74. Kb5 Kd6 75. Bg4 Bd8 76. Bf3 Bc7 77. Ka6 Bd8 78. Kb7 Bc7 79. Bg2 Bd8 80. Bf3 Bc7 81. Bg2 Bd8 82. Bf3 1/2-1/2

[Event "CAN-ch Universities"]
[Site "Montreal CAN"]
[Date "2025.01.26"]
[Round "4.42"]
[White "Gonzalez, Frederic"]
[Black "Hebrard, Emmanuel"]
[Result "0-1"]
[WhiteElo "1725"]
[BlackElo "2002"]
[WhiteFideId "-1"]
[WhiteFideId "-1"]
[PlyCount "74"]
[GameId "2142424053399537"]
[EventDate "2025.01.24"]
[EventType "team"]
[EventRounds "5"]
[EventCountry "CAN"]
[WhiteTeam "U de Montreal B"]
[BlackTeam "U de Montreal A"]

1. e4 e6 2. d4 d5 3. e5 c5 4. Nf3 Qb6 5. Bd3 Bd7 6. dxc5 Bxc5 7. O-O Bb5 8. Bxb5+ Qxb5 9. Nbd2 Ne7 10. b3 Qd7 11. Qe2 Nbc6 12. Bb2 O-O 13. Rfd1 Qc7 14. Rac1 Rac8 15. c4 b6 16. a3 a5 17. cxd5 Nxd5 18. Ne4 Be7 19. Nc3 Nxc3 20. Rxc3 Bc5 21. Rcd3 Rfd8 22. Ng5 h6 23. Ne4 Rxd3 24. Rxd3 Nxe5 25. Nxc5 Qxc5 26. Bxe5 Qxe5 27. Qd1 Qb2 28. Rd8+ Rxd8 29. Qxd8+ Kh7 30. Qd3+ g6 31. a4 Qc1+ 32. Qf1 Qxf1+ 33. Kxf1 Kg7 34. Ke2 Kf6 35. Ke3 Ke5 36. f4+ Kd5 37. h4 f6 0-1